Statistiques concernant Photos d'animaux #1 (fermes)

Cliquez ici pour prendre le quiz!

Statistiques générales

  • Ce quiz a été pris 279 fois
    (99 depuis la dernière actualisation)
  • Le résultat moyen est 15 sur 16

Statistiques - réponses

Réponse% Correct
Un âne
99%
Un coq
98%
Un lapin
98%
Un mouton
98%
Un taureau
98%
Un cheval
96%
Un poussin
96%
Un cochon
95%
Une poule
95%
Une vache
95%
Une chèvre
94%
Un dindon
93%
Un veau
86%
Un poulain
85%
Un poney
79%
Un agneau
78%

Distribution des résultats

Percentile par nombre de réponses

% des personnes avec chaque résultat

Votre développement - résultats

Vous n’avez pas pris ce quiz depuis la dernière actualisation